Responses for Show #1553 - Wednesday, May 8, 1991

1991 College Championship quarterfinal game 3.

Contestants

[<< previous game]

Franco Recchia, a senior from Wayne State University

Michael Cantor, a senior from Princeton University

Kelly Barbour, a junior from East Texas State University

[next game >>]

Jeopardy! Round responses

WORD ORIGINS
BIBLICAL CITIES
1949
ANATOMY
SINGERS
ROOMS
    $100 7
a varmint

Franco
    $100 1
Goliath

Michael
    $100 18
a Polaroid

Franco
    $100 2
the brain

Franco
    $100 14
Sinead O'Connor

Franco
    $100 15
recreation

Kelly
    $200 8
(Kelly: What is Epiphany?)
(Franco: What is communion?)

the mass

KellyFranco
Triple Stumper
    $200 10
Damascus

Franco
    $200 19
Churchill

Franco
    $200 3
the thumb

Kelly
    $200 27
John Lennon

Michael
    $200 16
a powder room

Franco
    $300 9
a turnpike

Michael
    $300 11
Babel

Michael
    $300 20
Formosa

Michael
    $300 4
(Franco: What are the ears?)

the nostrils

Franco
Triple Stumper
    $300 30
Vanessa Williams

Michael
    $300 17
a throne room

Michael
    $400 23
the score

Triple Stumper
    $400 12
Jerusalem

Kelly
    $400 21
Berlin

Franco
    $400 5
width (diameter)

Franco
    $400 29
Sade

Kelly
    $400 25
a ballroom

Franco
    $500 24
(Michael: What is Kittyhawk?)
[Laughter]
...
(Alex: Less than a minute to go.)

Plymouth Rock

Michael
Triple Stumper
    $500 13
(Franco: What is Bethlehem?)

Nazareth

KellyFranco
    $500 22
alcohol (drinking, booze)

Michael
    $500 6
the elbow

Franco
    $500 28
Harry Connick Jr.

Kelly
    $500 26
the green room

Kelly

Scores at the first commercial break (after clue 11):

Kelly Michael Franco
$0 $700 $800

Scores at the end of the Jeopardy! Round:

Kelly Michael Franco
$2,400 $1,800 $1,700

Double Jeopardy! Round responses

EXPLORERS
OPERA
ENGLISH LITERATURE
ARCHITECTURE
U.S. STATES
TELEVISION
    $200 13
Columbus

Michael
    $200 30
an aria

Franco
    $200 20
a Portrait

Kelly
    $200 1
(Michael: What are Buddhist temples?)

pagodas

Michael
Triple Stumper
    $200 4
(Franco: What is the beaver?)

milk

KellyFranco
    $200 25
Alice

Kelly
    $400 14
(Captain) Cook

Kelly
    $400 11
the Metropolitan

Franco
    $400 21
Towers

Michael
    $400 2
the Taj Mahal

Franco
    $400 5
Ohio

Franco
    $400 26
(Kelly: What are Young Guns?)

The Young Riders

KellyMichael
    $600 15
(Sir Francis) Drake

Kelly
    $600 12
[Both Michael & Alex included an "H" to make it sound like Othello.]

Otello

Michael
    $600 22
Grendel

Franco
    $600 3
Gothic

Michael
    $600 6
garden & golden

Michael
    $1,000 27
(Michael: What is Cheers?)
(Alex: Oh, no, that's John Stamos and Lori Loughlin from [*].)

Full House

Michael
    $800 16
(Vasco) da Gama

Franco
    $800 18
Hansel and Gretel

Kelly
    $800 23
Emma

Kelly
    $800 9
the Pantheon

Franco
    $800 7
Georgia

Michael
    $800 28
Florida

Kelly
    $1000 19
(Henry) Stanley

Michael
    $1000 17
Sicily

Kelly
    $1000 24
Robert Louis Stevenson

Triple Stumper
    $1000 10
the nave

Franco
    $1000 8
Michigan

Franco
    $1000 29
(Kelly: What is Knight Rider?)

Baywatch

Kelly
Triple Stumper

Scores at the end of the Double Jeopardy! Round:

Kelly Michael Franco
$6,000 $5,200 $7,100

Final Jeopardy! Round responses

GOVERNMENT & POLITICS
MichaelWhat is Speaker of the House?
$5,000
KellyWhat is Chief Justice of Supreme Court?
$5,000
FrancoWhat is Chief Justice?
$2,900
(1 of) Speaker of the House or Chief Justice (of the United States)

Final scores:

Kelly Michael Franco
$11,000 $10,200 $10,000
Automatic semifinalist 2nd place: $1,000 if eliminated 3rd place: $1,000 if eliminated

Game dynamics:

Coryat scores:

Kelly Michael Franco
$6,000 $6,200 $7,100
16 R
(including 1 DD),
3 W
16 R,
3 W
(including 1 DD)
20 R
(including 1 DD),
4 W

Combined Coryat: $19,300

[game clues] [game scores] [suggest correction]

Game tape date: 1991-04-06
The J! Archive is created by fans, for fans. Scraping, republication, monetization, and malicious use prohibited; this site may use cookies and collect identifying information. See terms. The Jeopardy! game show and all elements thereof, including but not limited to copyright and trademark thereto, are the property of Jeopardy Productions, Inc. and are protected under law. This website is not affiliated with, sponsored by, or operated by Jeopardy Productions, Inc. Join the discussion at JBoard.tv.